Central Library OPAC University of Rajshahi

Environmental science : (Record no. 36673)

MARC details
000 -LEADER
fixed length control field 00932nam a2200289 a 4500
001 - CONTROL NUMBER
control field 36673
003 - CONTROL NUMBER IDENTIFIER
rucl marc code BD-RjUL
005 - DATE AND TIME OF LATEST TRANSACTION
control field 20211209052522.0
008 - FIXED-LENGTH DATA ELEMENTS--GENERAL INFORMATION
fixed length control field 140806s1999 mauab b 001 0 eng
020 ## - INTERNATIONAL STANDARD BOOK NUMBER
International Standard Book Number 0697360237
International Standard Book Number 007115681X (International ed.)
035 ## - SYSTEM CONTROL NUMBER
System control number (BD-RjUL)36774
040 ## - CATALOGING SOURCE
Original cataloging agency DLC
Transcribing agency DLC
Modifying agency DLC
Language of cataloging eng
041 ## - LANGUAGE CODE
Language code of text/sound track or separate title eng
082 00 - DEWEY DECIMAL CLASSIFICATION NUMBER
Classification number 363.7
Edition number 21
Author mark and year CUE 1999
100 1# - MAIN ENTRY--PERSONAL NAME
Personal name Cunningham, William P.
9 (RLIN) 111809
245 10 - TITLE STATEMENT
Title Environmental science :
Remainder of title a global concern /
Statement of responsibility, etc. William P. Cunningham, Barbara Woodworth Saigo.
250 ## - EDITION STATEMENT
Edition statement 5th ed.
260 ## - PUBLICATION, DISTRIBUTION, ETC. (IMPRINT)
Place of publication, distribution, etc. Boston :
Name of publisher, distributor, etc. WCB/McGraw-Hill,
Date of publication, distribution, etc. c1999.
300 ## - PHYSICAL DESCRIPTION
Pagination xxii, 650 p. :
Illustrations ill. (some col.), col. maps ;
Size 29 cm.
504 ## - BIBLIOGRAPHY, ETC. NOTE
Bibliography, etc Includes bibliographical references (p. [593]-609) and index.
650 #0 - SUBJECT ADDED ENTRY--TOPICAL TERM
Topical term or geographic name as entry element Environmental sciences.
9 (RLIN) 111810
700 1# - ADDED ENTRY--PERSONAL NAME
Personal name Saigo, Barbara Woodworth.
942 ## - ADDED ENTRY ELEMENTS (KOHA)
Source of classification or shelving scheme Dewey Decimal Classification
Koha item type Books
Holdings
Lost status Source of classification or shelving scheme Damaged status Not for loan Permanent Location Current Location Shelving location Date acquired Total Checkouts Full call number Date last seen Copy number Koha item type
  Dewey Decimal Classification   Not For Loan Institute of Biological Sciences (IBSc) Library Institute of Biological Sciences (IBSc) Library   06/08/2014   363.7 CUE 1999 06/08/2014 C-1 Books